000 00757nam a2200241 a 4500
005 20160224112655.0
008 140224s1997 ck a fr|||| 000 0 spa d
040 _aCO-BoIAVH
_cCO-BoIAVH
041 0 _aspa
044 _ack
082 0 4 _a580.73
_bE77h
100 1 _aEsquivel, Hector Eduardo
245 1 0 _aHerbarios de los jardines botánicos
260 _aIbagué :
_bMinisterio del Medio Ambiente,
_c1997.
300 _a27 páginas :
_bIlustraciones ;
_c33 x 22 cm.
504 _aIncluye referencias bibliográficas: página 24.
650 1 6 _aJardines botánicos
650 1 6 _aHerbarios
650 2 6 _aPreservación de colecciones
650 2 6 _aColecciones botánicas
662 _aColombia
942 _cLIBRO
_2ddc
999 _c790
_d790